|
|
|
|
| LEADER |
00000nab a2200000 ar4500 |
| 001 |
vtls010263886 |
| 003 |
SK-MaSNL |
| 005 |
20260303183242.0 |
| 008 |
110315|2010 xo |||||||||||||| b|slo |
| 015 |
|
|
|a SNBRB2011/03
|2 snkbucl
|
| 038 |
|
|
|a SNKBUCL
|
| 040 |
|
|
|a SNKBUCL
|b slo
|e AACR2
|c SNKBUCL
|
| 041 |
1 |
|
|a slo
|b eng
|
| 044 |
|
|
|a xo
|c SK
|
| 080 |
|
|
|a 27-726.6
|x (37)
|x "02/03"
|2 2001
|
| 080 |
|
|
|a 27-674.5
|x (37)
|x "02/03"
|2 2001
|
| 080 |
|
|
|a 94(37)"02/03"
|2 2001
|
| 100 |
1 |
|
|a Sendeková, Marta
|4 aut
|9 716516
|
| 245 |
1 |
0 |
|a Prenasledovanie kresťanov v rímskej armáde koncom 3. storočia a začiatkom 4. storočia
|c Marta Sendeková
|
| 504 |
|
|
|a Bibliogr. odkazy
|
| 504 |
|
|
|a Res. angl.
|
| 648 |
|
7 |
|a 3.-4. stor.
|2 snkbucl
|9 491817
|
| 650 |
0 |
7 |
|a kresťania
|2 snkbucl
|9 4026
|
| 650 |
0 |
7 |
|a prenasledovanie kresťanov
|2 snkbucl
|9 825755
|
| 650 |
0 |
7 |
|a armáda
|2 snkbucl
|9 1643
|
| 650 |
0 |
7 |
|a náboženská perzekúcia
|2 snkbucl
|9 68303
|
| 651 |
|
7 |
|a Rímska ríša
|2 snkbucl
|9 212347
|
| 655 |
|
7 |
|a štúdie
|2 snkbucl
|9 57033
|
| 773 |
0 |
|
|t Kultúrne dejiny
|g Roč. 1, č. 2 (2010), s. 175-185
|x 1338-2209
|
| 852 |
|
|
|a SNK
|b KIS3GCP
|
| 999 |
|
|
|c 2119957
|d 2121887
|